000 01161nac a22003251i 4500
003 EG-ScBUE
005 20240707084847.0
008 240707s1975 -cnac f 001 0aeng d
020 _a0802019137
040 _aEG-ScBUE
_beng
_erda
_cEG-ScBUE
_dEG-ScBUE
043 _an-cn---
082 0 4 _a971.06430924
_bPEA
_222
100 1 _aPearson, Lester B.,
_eauthor.
245 1 0 _aMike :
_bthe memoirs of the right honourable /
_cLester B. Pearson ; edited by John A. Munro, Alex I. Inglis.
264 1 _aToronto :
_bUniversity of Toronto Press,
_c1975.
300 _a2 volumes :
_billustrations, portraits ;
_c24 cm
336 _2rdacontent
_atext
_btxt
337 _aunmediated
_2rdamedia
_bn
338 _avolume
_bnc
_2rdacarrier
500 _aIncludes index.
505 0 _aVolume 1. 1897-1948 -- Volume 2. 1948-1957.
600 1 7 _aPearson, Lester B.
_2BUEsh
651 7 _aCanada
_xPolitics and government
_y20th century.
_2BUEsh
651 7 _aCanada
_xForeign relations.
_2BUEsh
655 _vReading book
700 1 _aMunro, John A.,
_eeditor.
700 1 _aInglis, Alex I.,
_eeditor.
942 _cBB
_2ddc
999 _c1820
_d1820